History Quiz

Random History or War Quiz

1700-2010 Wars Quiz Stats

 Plays Quiz not verified by Sporcle

Score 0/28 Timer 10:00
0 Plays Today
% Correct
World War 2
80%
World War 1
80%
The American Revolution
52.9%
Spanish American War
28.2%
War of 1812
25.9%
Great Northern War
9.4%
King George's War
3.5%
First Carnatic War
2.4%
Second Carnatic War
2.4%
Third Carnatic War
2.4%
Whiskey Rebellion
2.4%
Irish Rebellion
2.4%
Egyptian Revelution
2.4%
July Revolution
2.4%
% Correct
War of Confederation
2.4%
Soviet War in Afghanistan
2.4%
War on Terrorism
2.4%
Second Fox War
1.2%
Gunboat War
1.2%
Babtist War
1.2%
California Indian Wars
1.2%
Utah War
1.2%
Rum Rebellion
0%
Uruguayan Civil War
0%
Apache Wars
0%
Battle of Ash Hollow
0%
Thousands Day War
0%
August Uprising
0%

You're not logged in!

Compare scores with friends on all Sporcle quizzes.
OR
Log In

You Might Also Like...

Show Comments

Extras

Created Dec 23, 2010ReportNominate
Tags:War Quiz

Top Quizzes Today


Score Distribution

Your Account Isn't Verified!

In order to create a playlist on Sporcle, you need to verify the email address you used during registration. Go to your Sporcle Settings to finish the process.

Report this User

Report this user for behavior that violates our Community Guidelines.

Details: